000 00280nam a2200121Ia 4500
008 190216s9999||||xx |||||||||||||| ||und||
100 _aShakespere
245 0 _aJulius Caesar
260 _bOxford University Press
_c1987
300 _a188
650 _aEnglish Drama
942 _cBK
999 _c13507
_d13507